00938nam a2200265 a 4500001001000000005001700010008004100027041000800068044000600076050002300082100002800105245014000133260003200273300003400305500000800339610004600347650003100393650003600424700003800460700002700498902000800525942001100533999001500544952011300559BRCA_818120190320210151.0080514s1960----u--ac##f##---#001-1#eng-# aeng au 4aHV8138b.B69c19601 aBowen, Walter S.92038710aThe Unites States Secret ServicecWalter S. Bowen and Harry Edward Neal ; with a foreword by U. E. Baughman, chief U.S. Secret Service. aPhiladelphiabChiltonc1960 a205 p.bil., retratosc24 cm. aX8624aServicios SecretoszEstados Unidos92038814aCrimen y criminales92038914aInvestigación criminal9203901 aNeal, Harry Edwardecoaut.9203911 aBaughman, U. E.920392 aGFM 2lcccB c7849d7849 00104070aBRCAbBRCAd2014-05-08iX86l0oHV8138 .B69 1960 (X86)p8805r2019-03-22 00:00:00w2019-03-22yB